Fractals and scaling in finance : discontinuity, concentration, risk : selecta volume E
Αποθηκεύτηκε σε:
| Κύριος συγγραφέας: | |
|---|---|
| Μορφή: | Βιβλίο |
| Γλώσσα: | English |
| Δημοσίευση: |
New York :
Springer,
c1997
|
| Θέματα: | |
| Ετικέτες: |
Προσθήκη ετικέτας
Δεν υπάρχουν, Καταχωρήστε ετικέτα πρώτοι!
|
MARC
| LEADER | 00000nam a2200000 i 4500 | ||
|---|---|---|---|
| 001 | 1/92054 | ||
| 008 | 991109s1997 eng d | ||
| 020 | |a 0-387-98363-5 | ||
| 035 | |l 10053880 | ||
| 040 | |a GR-MY-UA |b gre |e aacr | ||
| 041 | 0 | |a eng | |
| 082 | 0 | |a 332.01514742 | |
| 100 | 1 | |a Mandelbrot, Benoit B. | |
| 245 | 1 | 0 | |a Fractals and scaling in finance : |b discontinuity, concentration, risk : selecta volume E / |c Benoit B. Mandelbrot ; with foreword by R.E. Gomory and contributions by P.H. Coother ... [et al.]. |
| 260 | |a New York : |b Springer, |c c1997 | ||
| 300 | |a x, 551 p.; |b ill.; |c 25 cm. | ||
| 500 | |a Includes bibliographical references and index | ||
| 650 | 0 | 0 | |a Finance |x Statistical methods. |
| 650 | 0 | 0 | |a Fractals. |
| 650 | 0 | 0 | |a Scaling (Social sciences) |
| 852 | |a INST |b SAMOS |e 19991109 |h 332.01514742 MAN |p 005300012305 |q 005300012305 |t BK |y 0 | ||
| 901 | |a BIBL3-1999-3 | ||
| 909 | |a Σ |b 067184 | ||
| 922 | |a 3ΕΛΗ |b 199907 |c ΕΠΕΑΕΚ/ΜΑΘ |d ΠΑΠΑΣΩΤΗΡΙΟΥ | ||
| 970 | |a ΠΟΥΡΝΑΡΑΣ |b ΔΗΜΗΤΡΗΣ |z 1999/11/09 | ||